[Event "Copa Mercosur"]
[Site "Villa Martelli"]
[Date "2006.07.27"]
[Round "4"]
[White "COMP ZAP!Chess"]
[Black "Alonso, Salvador"]
[Result "1/2-1/2"]
[WhiteElo "2600"]
[BlackElo "2441"]
[Annotator "Roberto G Alvarez"]
[PlyCount "131"]
[EventDate "2006.07.24"]

1. c4 {0} 1... d6 {135} 2. d4 {0} 2... e5 {61} 3. Nf3 {0} 3... Nd7 {45} 4. Nc3
{0} 4... Ngf6 {26} 5. e4 {0} 5... Be7 {La defensa India antigua tiene
reputacion de ser solida pero pasiva, y es poco practicada en la actualidad.
Sin embargo, me parece una excelente eleccion para jugar contra una
computadora, ya que es una apertura de neto corte estrategico. Bien por
Alonso! 29} 6. Be2 {0} 6... O-O {65} 7. O-O {0} 7... c6 {64} 8. Qc2 {0} 8...
Qe8 $5 {290} ({Lo mas usual es} 8... Qc7) 9. Rd1 $146 {Esta jugada es habitual
cuando las negras ubican su dama en c7, pero aqui no dice mucho... 277} (9. b3
Bd8 (9... a6 10. Bb2 b6 11. Rad1 Bb7 12. Rfe1 Qb8 13. Bf1 Re8 14. g3 b5 15. a3
Bf8 16. dxe5 Nxe5 17. Nxe5 dxe5 18. b4 Bc8 19. c5 a5 20. Ne2 Bg4 21. Rd2 Qc8
22. Nc1 axb4 23. axb4 Qe6 24. Nb3 h5 25. Qc3 Bh3 26. Bxh3 Qxh3 27. Na5 Re6 28.
f3 Nh7 29. Bc1 h4 30. Rg2 hxg3 31. hxg3 Be7 32. Rd1 Rg6 33. Qxe5 Bf6 34. Qf5
Rxg3 35. Qxh3 Rxh3 36. Kf2 Nf8 37. Nxc6 Ne6 38. Be3 Bc3 39. Ne7+ Kf8 40. Nd5
Ra2+ 41. Kg1 Ra3 42. Kf2 Ra2+ 43. Kg1 Ra3 44. Nxc3 Rxc3 45. Kf2 Ke7 46. Rc1 Rb3
47. c6 Rh8 48. Rgg1 Rb2+ 49. Kg3 Rbh2 50. Rg2 R2h3+ 51. Kf2 Rc8 52. f4 g6 53.
f5 gxf5 54. exf5 Nc7 55. Bg5+ Kd6 56. Bf4+ Kd5 57. Rg7 Rh4 58. Rc5+ Ke4 59. Bg3
Rh5 60. Rxf7 Nd5 61. c7 Nxb4 62. Re7+ Kd4 63. Rxb5 Nd5 64. Rf7 Ke4 65. Rb8 Rhh8
66. Rb1 Kd4 67. Rd7 Kc4 68. Rc1+ Nc3 69. Be5 Rhf8 70. Rxc3+ Kb4 71. Rf3 {
1-0 Bareev,E-Morozevich,A/Monte Carlo 2003/CBM 093 ext (71)}) 10. Ba3 exd4 11.
Nxd4 Nc5 12. Rfe1 Bb6 13. Rad1 Ng4 14. Qd2 Qe5 15. Bxg4 Bxg4 16. f3 Bd7 17. Kh1
Rad8 18. Nce2 Bc8 19. b4 Na6 20. Bb2 Qe7 21. Ng3 Bxd4 22. Qxd4 f6 23. a3 c5 24.
Qc3 Qf7 25. Nf1 cxb4 26. axb4 Be6 27. Ne3 Rc8 28. Rd4 Nc7 29. Qd3 Na6 30. Ba3
Rc7 31. Rc1 Rfc8 32. Rxd6 h6 33. c5 Nb8 34. f4 Re8 35. f5 Bc8 36. Nd5 Rd7 37.
b5 a6 38. Bb2 axb5 39. Qg3 Rxd6 40. cxd6 Kh8 41. Rc7 Bd7 42. Qh4 Na6 43. Rxd7
Qxd7 44. Nxf6 Qd8 45. Qh5 Rf8 46. Ne8 Kg8 47. Qg6 {
1-0 Gelfand,B-Dunnington,A/Oakham 1988/TD (47)}) (9. Rb1 Bd8 10. b4 Qe7 (10...
Bb6 11. d5 cxd5 12. cxd5 a6 13. Na4 Ba7 14. b5 axb5 15. Bxb5 Qe7 16. Ba3 Nb6
17. Nxb6 Bxb6 18. Rb3 Bg4 19. Be2 Nd7 20. Nd4 Bxd4 21. Bxg4 Nc5 22. Bxc5 Bxc5
23. Be2 Rfc8 24. Qb1 Rc7 25. g3 Bd4 26. Kg2 g6 27. a3 Qd7 28. h3 h5 29. Rc1
Rac8 30. Rxc7 Rxc7 31. Qd3 Qc8 32. Rb4 Qa8 33. Rb3 Qa5 {
0-1 Baikov,V-Akhmetov,A/Moscow 2002 (33)}) 11. h3 Re8 12. dxe5 Nxe5 13. Be3 Bc7
14. Rfd1 Nxf3+ 15. Bxf3 Nd7 16. Bg4 a6 17. Bxd7 Bxd7 18. Bf4 Be6 19. c5 Rad8
20. a3 h6 21. cxd6 Bxd6 22. Bxd6 Rxd6 23. Rxd6 Qxd6 24. Rd1 Qe5 25. Ne2 f5 26.
exf5 Bxf5 27. Qb3+ Qe6 28. Qxe6+ Bxe6 29. Nf4 Bc8 30. Rd4 Kf7 31. g4 g5 32. Nd3
Be6 33. f3 Bd5 34. Kf2 b6 35. f4 Kf6 36. fxg5+ hxg5 37. Ne1 Ke5 38. Rd3 Rf8+
39. Kg3 Be4 40. Rc3 Kd4 41. Rc1 Ke3 42. Ng2+ Kd2 43. Ra1 Rf3+ 44. Kh2 Bd5 45.
h4 Rf2 46. Rg1 gxh4 47. Kh3 c5 48. bxc5 bxc5 49. Nxh4 c4 50. Kg3 Rf8 51. Nf5 c3
52. Nd4 c2 53. Nxc2 Kxc2 54. g5 Rf3+ 55. Kg4 Rxa3 56. g6 Rd3 57. g7 Bc4 58. Kf4
Rd8 59. Ke5 a5 60. Ra1 Ra8 61. Kd4 Kb2 62. Rg1 Bb3 63. Rg2+ Ka3 64. Rf2 Rg8 65.
Rg2 a4 66. Kc5 Rb8 67. Rf2 Rb7 68. Rg2 Bg8 69. Rg4 Rb2 70. Rd4 Rg2 71. Rd7 Bb3
72. Ra7 Kb2 {0-1 Galianina Ryjanova,J-Akhmetov,A/Orsk 2000 (72)}) 9... Bd8 {
El alfil negro se dirige a c7, desde donde protegera mejor el centro de peones
negros, y tendra mejores perspectivas de juego.323} 10. dxe5 {496} 10... dxe5 {
75} ({Durante la partida, ZAP!Chess consideraba tambien} 10... Nxe5 11. Rxd6
Nxf3+ 12. Bxf3 Qe5) 11. Rb1 {238} 11... Qe7 {246} 12. b4 {0} 12... Bc7 {153}
13. Nh4 {Intentando un ataque que sera muy bien neutralizado por Alonso. 75}
13... g6 {198} 14. Bh6 {26} 14... Re8 {45} 15. Qc1 {229} 15... Nf8 $1 {
Las blancas amenazaban Nf5 y Qg5 632} 16. Qg5 {0} 16... Ne6 {30} 17. Nf5 {173}
17... Nxg5 {26} 18. Nxe7+ {137} 18... Rxe7 {13} 19. Bxg5 {144} 19... Kg7 {
# La posicion puede considerarse igualada, y las blancas tienen solo una
ventaja simbolica, dada la mayor mobilidad de sus piezas.122} 20. Be3 {31}
20... Re8 {75} 21. f3 {157} 21... Nd7 {179} 22. Kf2 {152} 22... Nf8 {Esta manio
bra es tipica en este tipo de estructuras (por ejemplo, se ve a menudo en la
Defensa Filidor). El caballo se dirige a e6 para en algun momento amenazar
entrar en el punto fuerte d4. 37} 23. b5 {105} 23... Ne6 {252} 24. c5 {0} 24...
Rd8 {498} 25. Bc4 {108} 25... Rxd1 {228} 26. Rxd1 {105} 26... Kf8 {389} 27. Na4
{245} 27... Ke8 {426} 28. g3 {98} 28... Bd7 {169} 29. b6 {95} 29... axb6 {176}
30. cxb6 {0} 30... Bd8 {ZAP!Chess ha intentado forzar la posicion y ahora
comienza a experimentar problemas dada la debilidad del peon b6. 92} 31. Nc5 {
94} 31... Nxc5 {303} 32. Bxc5 {92} 32... Be6 {75} 33. Bxe6 {90} 33... fxe6 {
# 12} 34. Rd2 {A esta altura, el programa ya se consideraba inferior,
calculando que perderera el peon b6. 71} 34... Ra5 {141} 35. Be3 {0} 35... Rb5
{256} 36. a4 {
Maniobra arriesgada, pues el peon -a tambien dara problemas a las blancas. 0}
36... Rb4 {398} 37. Ra2 {0} 37... Bxb6 {25} 38. Bxb6 {58} 38... Rxb6 {12} 39.
a5 {70} 39... Ra6 $1 {197} 40. Rb2 {0} 40... Ra7 {Muy bien jugado por Alonso.
Ahora el rey negro debe acudir al flanco dama a defender b7. 12} 41. Ke3 {69}
41... Kd7 {176} 42. f4 $5 {Es importante que las blancas puedan abrir algunas
lineas para su torre en el flanco rey, o bien para la penetracion de su rey.
Una defensa pasiva solo conduciria a la derrota. 148} 42... Kc7 {29} 43. Ra2 {
82} 43... c5 {496} (43... b5 44. axb6+ Kxb6 45. Rb2+ Kc7 46. fxe5 $11) ({
ZAP!Chess consideraba} 43... Kb8 {con idea de jugar b5 sin el problema de axb6+
}) 44. fxe5 {93} 44... Kc6 {12} 45. Rd2 $1 {78} 45... Rxa5 {33} 46. Rd6+ {77}
46... Kb5 {173} 47. Rxe6 {#    Tecnicamente, este final, con dos peones unidos
y apoyados en el flanco dama deberia estar ganado para las negras. Pero
ganarlo con solo un par de minutos en el reloj y contra un fuerte programa es
otra cosa... 75} 47... Ra3+ {27} 48. Kf4 {74} 48... c4 {23} 49. Re7 {44} 49...
Kc6 {21} 50. Rxh7 {45} 50... b5 {41} 51. Rh6 $1 {71} 51... b4 {48} 52. Rxg6+ {
16} 52... Kc5 {# 41} 53. Rg8 {70} 53... c3 {268} 54. Rc8+ {0} 54... Kd4 {14}
55. Rd8+ {50} 55... Kc4 {25} 56. e6 {38} 56... Ra7 {21} 57. Ke3 $1 {41} 57...
b3 $2 {Esto priva al rey negro del "escondite" en b3. Pero hay que tener en
cuenta la enorme presion de jugar con muy poco tiempo y contra un programa que
siempre halla una defensa... 73} ({Creo que las negras podian ganar jugando} 
57... Re7 $1 {y si} 58. Rc8+ {entonces} (58. g4 Kb3 59. g5 c2 60. Kd2 Kb2 61.
Rc8 b3 $19) 58... Kb3) 58. Rc8+ {67} 58... Kb4 {11} 59. Kd3 {50} 59... c2 {70}
60. Kd2 {65} 60... Re7 {142} 61. Kc1 {64} 61... Rxe6 {33} 62. Kb2 {24} 62...
Rxe4 {18} 63. Rb8+ {63} 63... Kc4 {33} 64. Rc8+ {23} 64... Kb4 {39} 65. Rb8+ {
18} 65... Ka4 {38} 66. Ra8+ {Magnifica defensa de ZAP!Chess que le otorga el
empate luego de pasar grandes sobresaltos. De todos modos, habra que examinar
el final con detenimiento, pues daba toda la impresion de ser ganador para las
negras. 62} 1/2-1/2

[Event "Copa Mercosur"]
[Site "Villa Martelli"]
[Date "2006.07.27"]
[Round "4"]
[White "Fier, Alexandr"]
[Black "Slipak, Sergio"]
[Result "1-0"]
[WhiteElo "2459"]
[BlackElo "2463"]
[PlyCount "83"]
[EventDate "2006.07.24"]

1. e4 c6 2. d4 d5 3. e5 Bf5 4. Nc3 e6 5. g4 Bg6 6. Nge2 Be7 7. Nf4 Bg5 8. Bd3
Bxf4 9. Bxf4 Qb6 10. Bxg6 hxg6 11. Qd3 Qa6 12. Qf3 Nd7 13. O-O-O b5 14. Kb1
O-O-O 15. h4 Ne7 16. Ne2 Qb7 17. Qe3 Nb6 18. b3 Kb8 19. Nc1 Nec8 20. Nd3 Nd7
21. Ka1 Ka8 22. Rdg1 Rdf8 23. Bg5 Qb6 24. c3 Qa5 25. Kb2 Re8 26. h5 gxh5 27.
Rxh5 Rhg8 28. Rh7 Qc7 29. Rgh1 a5 30. Qf3 Ref8 31. Qe3 Qa7 32. f4 Re8 33. Qf2
Ncb6 34. f5 exf5 35. gxf5 Rb8 36. Bf4 Nf8 37. Rh8 Rxh8 38. Rxh8 Re8 39. Qg3 b4
40. Qxg7 bxc3+ 41. Kxc3 Qe7 42. Nc5 1-0

[Event "Copa Mercosur"]
[Site "Villa Martelli"]
[Date "2006.07.27"]
[Round "4"]
[White "Hungaski, Robert"]
[Black "Valerga, Diego"]
[Result "1/2-1/2"]
[WhiteElo "2412"]
[BlackElo "2470"]
[PlyCount "54"]
[EventDate "2006.07.24"]

1. e4 c5 2. Nf3 e6 3. d4 cxd4 4. Nxd4 Nf6 5. Nc3 d6 6. Be2 Be7 7. O-O O-O 8.
Be3 Nc6 9. f4 Bd7 10. Qe1 e5 11. fxe5 dxe5 12. Nxc6 Bxc6 13. Bd3 Ng4 14. Kh1
Bh4 15. Qe2 Nxe3 16. Qxe3 Bg5 17. Qf3 Bf4 18. Qf2 Kh8 19. Rad1 Qd6 20. Qh4 h6
21. a3 Qc5 22. Qh5 g6 23. Qh4 Kg7 24. Nd5 Bxd5 25. exd5 Rad8 26. c4 a5 27. Qe1
Qc7 1/2-1/2

[Event "Copa Mercosur"]
[Site "Villa Martelli"]
[Date "2006.07.27"]
[Round "4"]
[White "Liascovich, Lucas"]
[Black "Bachman, Axel"]
[Result "1/2-1/2"]
[WhiteElo "2395"]
[BlackElo "2448"]
[PlyCount "117"]
[EventDate "2006.07.24"]

1. d4 d5 2. c4 dxc4 3. Nf3 Nf6 4. e3 a6 5. Bxc4 e6 6. O-O b5 7. Be2 c5 8. dxc5
Bxc5 9. Qxd8+ Kxd8 10. Rd1+ Ke7 11. Nbd2 Bb7 12. b3 Nbd7 13. Bb2 Rhc8 14. a4
bxa4 15. Rxa4 Nb6 16. Raa1 a5 17. Bb5 Bb4 18. Bd4 Bc5 19. Bc3 Bb4 20. Bd4 Nbd5
21. Nc4 Bc3 22. Rac1 Bxd4 23. Rxd4 Rc5 24. Ba4 Nb6 25. Rb1 Nxa4 26. bxa4 Bc6
27. Nce5 Be4 28. Rbd1 Rb8 29. h4 Bd5 30. Nd3 Rc2 31. Nfe5 Ne4 32. Nf4 f6 33.
Nxd5+ exd5 34. Rxd5 Nxf2 35. Nc6+ Rxc6 36. Kxf2 Rc2+ 37. Kf3 Rbb2 38. Rd7+ Ke6
39. R1d6+ Ke5 40. Rd5+ Ke6 41. R7d6+ Kf7 42. Rxa5 Rf2+ 43. Ke4 Rxg2 44. h5 Rb7
45. Kf3 Rh2 46. Kg3 Re2 47. Kf3 Rh2 48. Kg3 Ra2 49. h6 Ra3 50. hxg7 Kxg7 51.
Kf4 Re7 52. e4 Ra1 53. Rd4 Kg6 54. Ra8 Rf1+ 55. Kg3 Rg7 56. Kg2 Rf4 57. Kg3 Rf1
58. Kg2 Rf4 59. Kg3 1/2-1/2

[Event "Copa Mercosur"]
[Site "Villa Martelli"]
[Date "2006.07.27"]
[Round "4"]
[White "Needleman, Gaston"]
[Black "Panno, Oscar"]
[Result "0-1"]
[WhiteElo "2435"]
[BlackElo "2459"]
[Annotator "Roberto G Alvarez"]
[PlyCount "78"]
[EventDate "2006.07.24"]

1. e4 e5 2. Nf3 d6 3. d4 Nf6 4. Nc3 Nbd7 5. Bc4 Be7 6. O-O O-O 7. Qe2 c6 8. a4
a5 (8... Qc7 $5 9. a5 Rb8) 9. Rd1 Qc7 10. h3 h6 {#} (10... exd4 $5 11. Nxd4 Re8
) 11. Be3 ({La teoria recomienda} 11. dxe5 dxe5 12. Nh4 $16 {
aprovechando el debilitamiento de la casilla g6, producto del avance ...h6}
12... Nc5 13. Nf5 Kh7 14. Qf3 Be6 15. Bxe6 fxe6 $5 16. Nxe7 Qxe7 17. Qg3 Qc7
18. Qe3 Na6 19. Qe2 Qf7 20. Be3 Qg6 21. Rd6 $1 Nxe4 22. Nxe4 Qxe4 23. Rd7 {
[/\ Rg7]} 23... Qg6 24. c3 $1 Rf7 25. Rxf7 Qxf7 26. Bb6 Nc7 27. c4 Ne8 28. Qxe5
Qf5 29. Re1 Qc2 30. Qe4+ $1 Qxe4 31. Rxe4 Ra6 (31... Nd6 32. Rxe6 Nxc4 33. Bd4)
32. Bc5 b6 33. Rxe6 $18 bxc5 34. Rxe8 Rb6 35. Ra8 Rb4 36. b3 $1 Rxb3 37. Rxa5 {
1-0 Kavalek,L-Najdorf,M/Manila 16/201 1973/[Ivkov,B] (37)}) 11... Re8 12. Bb3 (
12. Ba2 Nf8 13. Qc4 Bd8 14. d5 (14. Rd2 Nxe4 15. Qxf7+ Qxf7 16. Bxf7+ Kxf7 17.
Nxe4 Bc7 18. dxe5 dxe5 19. Bc5 Bf5 20. Re1 Rad8 21. c3 Ne6 22. Nd6+ Bxd6 23.
Bxd6 e4 24. Ne5+ Kg8 25. Nc4 Ra8 26. Kh2 g5 27. Kg3 b5 28. Ne3 Bg6 29. Ng4 Red8
30. Ne5 Be8 31. Rxe4 Nc5 32. Ree2 Nxa4 33. Ng4 h5 34. Nf6+ Kg7 35. Ne4 Kg6 36.
Be7 h4+ 37. Kg4 Bd7+ 38. Kf3 Nb6 39. Rd6+ Kf7 40. Nxg5+ Kg7 41. Bxd8 Rxd8 42.
Re7+ Kf8 43. Rf7+ Ke8 44. Rg6 {1-0 Seres,L-Bacholke,M/Triesen 2000 (44)}) 14...
Ng6 15. Rab1 Rf8 16. b4 axb4 17. Rxb4 c5 18. Rb2 b6 19. Qf1 Nh5 20. Bc4 Nhf4
21. Kh2 Kh8 22. Ng1 f5 23. g3 fxe4 24. Nxe4 Rxa4 25. Nc3 Ra8 26. gxf4 exf4 27.
Bd2 Ne5 28. f3 Bh4 29. Be1 Bg3+ 30. Bxg3 fxg3+ 31. Kxg3 Qe7 32. Be2 Ng6 33. Rb3
Qe5+ 34. Kg2 Nf4+ 35. Kh1 Qh5 36. Kh2 Qe5 37. Kh1 Nh5 38. Qf2 Rf5 39. Ne4 Ra2
40. Qh2 Nf4 41. Bf1 Ra1 42. Rxa1 Qxa1 43. Nxd6 Rh5 44. Qxf4 Qxf1 45. Qf8+ Kh7
46. Qxc8 Rg5 47. Qg4 Rxg4 48. hxg4 Qd1 49. Rxb6 Qxd5 50. Ne4 c4 51. c3 Kh8 52.
Rd6 Qb5 53. Kg2 Qb2+ 54. Rd2 Qc1 55. Ne2 Qb1 56. Nf4 Qb6 57. Nd5 Qa7 58. Re2
Qb7 59. Ne3 Qc6 60. Rd2 Qa6 61. Rd4 Qa2+ 62. Nf2 Kh7 63. Nxc4 {
1-0 Boensch,U-Appel,R/Germany 1995/GER-chT (63)}) (12. dxe5 dxe5 13. Nh4 Nf8
14. Nf5 Bxf5 15. exf5 N8d7 16. Rd2 Bb4 17. Rad1 Re7 18. Bb3 Rae8 19. Qc4 e4 20.
Nb5 Qe5 21. Nd6 Bxd6 22. Rxd6 Qxf5 23. Qc3 Ne5 24. Rd8 Kh7 25. Rxe8 Rxe8 26.
Rd6 Kg8 27. Qd2 Kh7 28. Qd1 Re7 29. Rd8 Ng6 30. Qd6 Qd5 31. Qb8 Nd7 32. Qxb7
Qd1+ 33. Kh2 Qd6+ 34. Kg1 Nh4 35. Qc8 Nf5 36. Qa6 Qf6 37. Qc4 Nh4 38. Kf1 Qg6
39. g3 Nf5 40. Qe2 Ne5 41. Bc5 Rb7 42. Re8 Nd7 43. Be3 Qf6 44. Kg2 Qxb2 45. Bd2
Nf6 46. Rxe4 Nxe4 47. Qxe4 g6 48. Bxa5 Qf6 49. Qc4 Nd4 50. Qd3 c5 51. Bd5 Ra7
52. Bd2 Rxa4 53. h4 Nf5 54. Bc3 Nd4 55. h5 Ra7 56. hxg6+ fxg6 57. Bb2 Qb6 58.
Bc1 Qd6 59. Be4 Re7 60. g4 Qe6 {
0-1 Kozlov,O-Movsesian,S/Litomysl 1994/EXT 97 (60)}) 12... exd4 13. Bxd4 Ne5 (
13... Nc5 {es tipica luego del cambio de peones en el centro.}) 14. Nd2 Be6 15.
f4 {#} 15... Bxb3 16. cxb3 {
El cambio de alfiles de casillas blancas es un logro para las negras.} 16...
Ned7 17. Rac1 Nf8 {Iniciando un reagrupamiento tipico en estas posiciones: el
caballo se dirige a e6.} 18. Qf3 Qb8 19. Kh1 Ne6 {#} 20. Bf2 Bf8 21. Nf1 Nd7
22. Ng3 Ndc5 23. Nce2 b5 24. h4 bxa4 25. f5 Nd8 26. Qg4 Nxb3 27. Rc3 c5 {
Las blancas sacrificaron 2 peones en pos del ataque en el flanco rey. Sera
suficiente} 28. Nh5 (28. f6 $5) 28... Nc6 29. Rg3 $6 (29. Nf6+ Kh8 30. Nxe8 Ne5
31. Qh3 Qxe8 32. Nf4 $13) 29... Ne5 30. Qf4 Kh8 31. Be3 f6 32. Qf2 Ra7 33. Nef4
(33. Bxh6 gxh6 34. Nxf6 Rg7 35. Rxg7 Kxg7 36. Nxe8+ Qxe8 {
es favorable a las negras}) 33... Qb4 34. Re1 (34. Nd5 Qxe4 35. Nhxf6 Qxh4+ 36.
Kg1 $17) 34... Rb7 35. Nxf6 {
Un sacrificio desesperado en posicion muy interior.} 35... gxf6 36. Nd5 Nd3 37.
Qf3 Qxe1+ 38. Kh2 Rg7 39. Rh3 Ne5 0-1

[Event "Copa Mercosur"]
[Site "Villa Martelli"]
[Date "2006.07.27"]
[Round "4"]
[White "Prasca Sosa, Raphael"]
[Black "Rodriguez, Andres"]
[Result "1/2-1/2"]
[WhiteElo "2442"]
[BlackElo "2511"]
[PlyCount "94"]
[EventDate "2006.07.24"]

1. e4 e6 2. d4 d5 3. Nd2 Nf6 4. e5 Nfd7 5. f4 c5 6. c3 Nc6 7. Ndf3 Qb6 8. g3
cxd4 9. cxd4 f5 10. Ne2 Be7 11. Kf2 O-O 12. Kg2 Qd8 13. Be3 Nb6 14. b3 Bd7 15.
Nc1 a5 16. Nd3 a4 17. Nc5 Bxc5 18. dxc5 d4 19. Bxd4 Nxd4 20. Qxd4 Bc6 21. Qxd8
Rfxd8 22. Kf2 Nd7 23. b4 Bd5 24. Bg2 b6 25. c6 Bxc6 26. Rhd1 Nf8 27. Rac1 Rxd1
28. Rxd1 Bd5 29. a3 Rc8 30. Nd4 Bxg2 31. Kxg2 g5 32. fxg5 Rd8 33. Kf2 Ng6 34.
Ke2 Nxe5 35. Nxe6 Rxd1 36. Kxd1 Nc4 37. Nd4 Nxa3 38. Nxf5 Nc4 39. Kc2 Kf7 40.
h4 Ke6 41. g4 Ne5 42. Ne3 Nf3 43. Nc4 b5 44. Na3 Nxh4 45. Nxb5 Nf3 46. Nc3 Nxg5
47. Nxa4 Nf3 1/2-1/2

[Event "Copa Mercosur"]
[Site "Villa Martelli"]
[Date "2006.07.27"]
[Round "4"]
[White "Rojas Keim, Luis"]
[Black "Stamenkovic, Dragan"]
[Result "1-0"]
[WhiteElo "2464"]
[BlackElo "2393"]
[PlyCount "89"]
[EventDate "2006.07.24"]

1. e4 c5 2. Nf3 d6 3. d4 cxd4 4. Nxd4 Nf6 5. Nc3 g6 6. Bc4 Bg7 7. Bb3 Nbd7 8.
Be3 a6 9. f3 Qc7 10. Qd2 h5 11. O-O-O b5 12. Rhe1 Bb7 13. Nd5 Nxd5 14. exd5
O-O-O 15. Bg5 Bf6 16. Bxf6 Nxf6 17. Re3 Kd7 18. Rde1 Ke8 19. Qe2 Rd7 20. Nc6
Kf8 21. Nxe7 Kg7 22. Qd2 h4 23. Rc3 Qd8 24. Nc6 Qb6 25. Ne7 Rh5 26. f4 Rc7 27.
Rce3 a5 28. a3 a4 29. Ba2 Qc5 30. f5 gxf5 31. Rc3 Qb6 32. Rxc7 Qxc7 33. Qd4 Qc5
34. Qf4 Bxd5 35. Bxd5 Nxd5 36. Nxf5+ Kf8 37. Qe4 Nc7 38. Qe7+ Kg8 39. Nxd6 Qf2
40. Kb1 Rd5 41. Re4 Qf1+ 42. Ka2 Ne6 43. Rg4+ Ng7 44. Ne8 Rg5 45. Qxg5 1-0

[Event "Copa Mercosur"]
[Site "Villa Martelli"]
[Date "2006.07.28"]
[Round "5"]
[White "Alonso, Salvador"]
[Black "Rojas Keim, Luis"]
[Result "1/2-1/2"]
[WhiteElo "2441"]
[BlackElo "2464"]
[PlyCount "99"]
[EventDate "2006.07.24"]

1. e4 e6 2. d4 d5 3. Nc3 Bb4 4. e5 c5 5. a3 Bxc3+ 6. bxc3 Qa5 7. Bd2 Qa4 8. Qb1
c4 9. Ne2 f6 10. g3 Nc6 11. f4 Nge7 12. Bh3 f5 13. Bg2 Bd7 14. Be3 O-O-O 15.
Kd2 Kc7 16. Bf3 b5 17. h3 Qa5 18. Qb2 Rb8 19. Rhb1 Qb6 20. Ke1 a5 21. Kf2 h6
22. Kg2 Nd8 23. Bd2 Nec6 24. Kh2 Nf7 25. Qc1 a4 26. Kg2 Rbg8 27. Qb2 Rb8 28.
Be3 Rhg8 29. Kh2 g5 30. Bh5 Be8 31. Qc1 gxf4 32. Nxf4 Ng5 33. h4 Bxh5 34. hxg5
hxg5 35. Nxe6+ Kd7 36. Nc5+ Ke8 37. Bxg5 Nd8 38. Bh4 Ne6 39. Qh6 Bg6 40. Rxb5
Qxb5 41. Nxe6 Kd7 42. Nf4 Qb2 43. Rg1 Qxc2+ 44. Rg2 Qc1 45. Qg5 Rb1 46. Qe7+
Kc8 47. Qe6+ Kb7 48. Qxd5+ Ka7 49. Qc5+ Kb7 50. Qd5+ 1/2-1/2

[Event "Copa Mercosur"]
[Site "Villa Martelli"]
[Date "2006.07.28"]
[Round "5"]
[White "Bachman, Axel"]
[Black "COMP ZAP!Chess"]
[Result "1/2-1/2"]
[WhiteElo "2448"]
[BlackElo "2600"]
[Annotator "Roberto G Alvarez"]
[PlyCount "112"]
[EventDate "2006.07.24"]

1. e4 e5 2. Nf3 Nf6 3. Nxe5 d6 4. Nf3 Nxe4 5. Qe2 Qe7 6. d3 Nf6 7. Bg5 Qxe2+ 8.
Bxe2 Be7 9. Nc3 c6 10. O-O-O Na6 11. Rhe1 Nc7 12. h3 Be6 (12... Ne6 13. Be3 O-O
14. d4 d5 15. a3 Ne8 16. Bd3 Nd6 17. Kb1 Re8 18. g4 b6 19. Ne5 Bb7 20. f4 f6
21. Nf3 Bf8 22. f5 Nc7 23. Bf4 Ba6 24. Bxa6 Nxa6 25. b3 Rxe1 26. Rxe1 Re8 27.
Rxe8 Nxe8 28. Kb2 Nac7 29. Ne2 Kf7 30. c4 dxc4 31. bxc4 Bd6 32. Kb3 {
1/2-1/2 Byrne,R-Schussler,H/Reykjavik 1980/EXT 99 (32)}) (12... h6 13. Bh4 Nfd5
14. Bf1 Be6 15. Nxd5 Nxd5 16. Bg3 Kd7 17. Nd4 Bg5+ 18. Kb1 Bf6 19. Nxe6 fxe6
20. c4 Ne7 {1/2-1/2 Kunte,A-Harikrishna,P/Pune 2004/PG150904 (20)}) 13. Ne4 (
13. Nd4 Kd7 14. Bf3 Rae8 15. Nxe6 Nxe6 16. Be3 d5 17. Ne2 Bc5 18. d4 Bd6 19.
Kb1 h6 20. g3 Ng5 21. Bg2 Nge4 22. Nc1 Re7 23. Nd3 Rhe8 24. Bc1 Kd8 25. Re3 Nd7
26. Rde1 Nb6 27. b3 Nc3+ 28. Kb2 Rxe3 29. Bxe3 Ne4 30. c3 Nd7 31. Kc2 Bc7 32.
g4 Ba5 33. b4 Bc7 34. f3 Nd6 35. Bc1 Rxe1 36. Nxe1 g5 37. f4 f6 38. Nd3 b5 39.
Bf3 Ke7 40. Bg2 Nf7 41. Kb3 Ke6 42. a4 a6 43. Bf3 Ke7 44. a5 Nd8 45. f5 Nf7 46.
Kc2 Nd6 47. Kd1 Nc4 48. Ke2 Kf7 49. Kf1 Ke7 50. Kg2 Kf7 51. Bd1 Nd6 52. Nf2 Ke7
53. Bc2 Nf7 54. Kf3 Kf8 55. Be3 Ke7 56. Bd3 Kf8 57. Nd1 Ke7 58. Bf2 Bf4 59. Bg3
Nfe5+ 60. dxe5 Nxe5+ 61. Ke2 Bxg3 62. Ne3 Kd6 63. Nc2 Nd7 64. Nd4 c5 65. Ne6
cxb4 66. cxb4 Be5 67. Kd2 Ke7 68. Kc2 Nb8 69. Kb3 Bg3 70. Bf1 {
0-1 Panbukchian,V-Kuzev,B/Bankia 1992/EXT 97 (70)}) 13... Nxe4 14. dxe4 Bxg5+
15. Nxg5 Ke7 {#} 16. Rd2 a5 17. a4 Rhd8 18. f4 f6 19. Nf3 Bf7 20. Nd4 g6 21. g3
Kf8 22. Bd3 Re8 23. Rde2 Ne6 24. Nxe6+ Bxe6 25. g4 Ke7 26. Kd2 Rg8 27. Rg2 Rae8
28. Kc3 Kd7 29. b3 Bf7 30. Rge2 Rgf8 31. Kd4 Bg8 32. Rf1 Re7 33. Rfe1 Rfe8 34.
Kc3 g5 35. Kd2 Bf7 36. Rh1 h6 37. Rf2 Bg6 38. f5 Bf7 39. h4 $1 d5 40. exd5 Bxd5
41. Rh3 c5 42. hxg5 hxg5 43. Rh6 Rf8 44. Re2 $1 Rxe2+ 45. Bxe2 Kd6 46. Bb5 Bf3
47. Be2 Bc6 48. Bc4 Rd8 49. Ke3 Ke5 50. Rh7 $1 Rd7 51. Rxd7 $1 Bxd7 $11 {#} 52.
Bd3 Bc6 53. c4 b6 54. Bc2 Bb7 55. Bb1 Bc6 56. Bc2 Bb7 1/2-1/2

[Event "Copa Mercosur"]
[Site "Villa Martelli"]
[Date "2006.07.28"]
[Round "5"]
[White "Panno, Oscar"]
[Black "Hungaski, Robert"]
[Result "1/2-1/2"]
[WhiteElo "2459"]
[BlackElo "2412"]
[PlyCount "30"]
[EventDate "2006.07.24"]

1. Nf3 Nf6 2. c4 e6 3. g3 d5 4. Bg2 dxc4 5. Qa4+ c6 6. Qxc4 b5 7. Qc2 Bb7 8.
O-O Nbd7 9. b3 c5 10. Bb2 Be7 11. a4 a6 12. axb5 axb5 13. Rxa8 Bxa8 14. Qd3 Qb6
15. Na3 O-O 1/2-1/2

[Event "Copa Mercosur"]
[Site "Villa Martelli"]
[Date "2006.07.28"]
[Round "5"]
[White "Slipak, Sergio"]
[Black "Needleman, Gaston"]
[Result "1/2-1/2"]
[WhiteElo "2463"]
[BlackElo "2435"]
[PlyCount "109"]
[EventDate "2006.07.24"]

1. Nf3 Nf6 2. b3 g6 3. Bb2 Bg7 4. g3 O-O 5. Bg2 d6 6. d4 c6 7. O-O Qa5 8. h3
Ne4 9. Nfd2 f5 10. e3 d5 11. c4 Nd7 12. Kh2 e5 13. cxd5 cxd5 14. Nf3 exd4 15.
Bxd4 Ndf6 16. Qe1 b6 17. b4 Qa4 18. Nc3 Qe8 19. a4 Be6 20. Nb5 Rc8 21. Nxa7 Rc2
22. Nb5 g5 23. Bxf6 Bxf6 24. Nfd4 Rc4 25. f3 Bxd4 26. exd4 Nf6 27. Nd6 Qd7 28.
Nxc4 dxc4 29. f4 g4 30. d5 Bxd5 31. Rd1 Qf7 32. Bxd5 Nxd5 33. hxg4 Re8 34. Qd2
Ne3 35. Rfe1 Nxd1 36. Rxe8+ Qxe8 37. Qxd1 c3 38. Qb3+ Kf8 39. Qxc3 Qe2+ 40. Kg1
fxg4 41. a5 bxa5 42. bxa5 Qe4 43. Kf2 Qb1 44. Qa3+ Kf7 45. a6 Qb6+ 46. Ke2 Qe6+
47. Kd3 Qd5+ 48. Kc2 Qg2+ 49. Kb1 Qf1+ 50. Ka2 Qe2+ 51. Kb3 Qd3+ 52. Kb2 Qd2+
53. Kb1 Qd1+ 54. Kb2 Qd2+ 55. Kb1 1/2-1/2